| 000 | 00529cam a2200205ua 4500 | ||
|---|---|---|---|
| 001 | 8482 | ||
| 005 | 20260515114336.0 | ||
| 008 | 150202n ii |||gr||||Z||||||asm | ||
| 040 | _cMAIN | ||
| 041 | _aasm | ||
| 082 | _a418.02 | ||
| 100 |
_aBezbora, Nirajana Mahanta, _eAuthor., |
||
| 245 | 1 | 2 |
_aAnubadkala _cby Nirajana Mahanta Bezbora |
| 250 | _a1st. | ||
| 260 |
_aDibrugarh University: _bPrabjal Bezbora, _c1997. |
||
| 300 | _a107p. | ||
| 653 | _aStandard usage & applied linguistics | ||
| 653 | _aTranslation | ||
| 942 | _cBK | ||
| 999 |
_c7584 _d7584 |
||